000 00886nam a22002297a 4500
999 _c15782
_d15782
003 AR-CdUCM
008 190430b ||||| |||| 00| 0 spa d
020 _a84-89290-16-4
040 _aMUNICIPALIDAD PROVINCIAL DEL CUSCO
_cBIBLIOTECA MUNICIPAL DEL CUSCO
082 _a305.8 /
_bF89
100 _aFuentes Aldo
_934987
245 _aPor que las piedras no mueren :
_bHistoria, sociedad y ritos de lo Chayahuita del alto Amazonas /
260 _aLima :
_bCAAAP,
_c1988.
300 _a235 páginas ;
_c23 cm.
505 _aContenido : Notas sobre la historia y población de los Chayahuita -- Producción y patrones de subsistencia -- Organización social ...
650 _aHistoria
_9136
650 _aSociedad
_953
650 _aAmazonas
_97356
710 _aCentro Amazónico de antropología y aplicación practica
_93434
942 _2ddc
_cLIBROS
945 _arah
_d30/04/2019